Protocolo para la identificación y evaluación de la degradación de suelos por salinización (Registro nro. 19724)
[ vista simple ]
| 000 -CABECERA | |
|---|---|
| Campo de control | 01129nam a22002417a 4500 |
| 005 - FECHA Y HORA DE LA ULTIMA TRANSACCION | |
| Campo de control | 20170808162443.0 |
| 008 - ELEMENTOS DE LONGITUD FIJA—INFORMACION GENERAL | |
| Campo de control | 170808b2017 ck ||||| |||| 00| 0 spa d |
| 020 ## - ISBN | |
| ISBN | 9789588067858 |
| 040 ## - FUENTE DE CATALOGACIÓN | |
| Agencia catalogadora original | CO-BoIAVH |
| Agencia transcriptora | CO-BoIAVH |
| 041 ## - IDIOMA | |
| Código de idioma para texto/pista de sonido o título separado | Español |
| 044 ## - PAÍS DE PUBLICACIÓN | |
| País de publicación | Colombia |
| 082 ## - NUMERO DE CLASIFICACION DECIMAL DEWEY | |
| Número de clasificación | 551.302 |
| Número del ítem | I19p |
| 245 00 - MENCION DE TITULO | |
| Título | Protocolo para la identificación y evaluación de la degradación de suelos por salinización |
| 260 ## - PUBLICACION, DISTRIBUCION, ETC. (PIE DE IMPRENTA) | |
| Lugar de publicación, distribución, etc. | Bogotá: |
| Nombre del editor, distribuidor, etc. | Instituto de Hidrología, Metereología y Estudios Ambientales, IDEAM |
| -- | Corporación Autónoma Regional de Cundinamarca , CAR |
| -- | Universidad de Ciencias Aplicadas Ambientales, U.D.C.A |
| Fecha de publicación, distribución, etc. | 2017. |
| 300 ## - DESCRIPCION FISICA | |
| Extensión | 209. páginas |
| Otros detalles físicos | fotografías a color, ilustraciones |
| Dimensiones | 29 X21 |
| 650 14 - ASIENTO SECUNDARIO DE MATERIA - TERMINO TEMATICO | |
| Término temático o nombre geográfico como elemento de entrada | Degradación de suelos |
| Subdivisión general | Monitoreo |
| Subdivisión geográfica | Colombia |
| 9 (RLIN) | 82914 |
| 650 14 - ASIENTO SECUNDARIO DE MATERIA - TERMINO TEMATICO | |
| Término temático o nombre geográfico como elemento de entrada | Suelos |
| Subdivisión general | Análisis |
| Subdivisión geográfica | Colombia |
| 9 (RLIN) | 82915 |
| 650 14 - ASIENTO SECUNDARIO DE MATERIA - TERMINO TEMATICO | |
| Término temático o nombre geográfico como elemento de entrada | Salinización |
| Subdivisión general | Seguimiento |
| Subdivisión geográfica | Colombia |
| 9 (RLIN) | 82916 |
| 710 2# - ASIENTO SECUNDARIO - NOMBRE CORPORATIVO | |
| Nombre corporativo o de jurisdicción como elemento de entrada | Instituto de Hidrología, Metereología y Estudios Ambientales, IDEAM |
| 9 (RLIN) | 82917 |
| 710 2# - ASIENTO SECUNDARIO - NOMBRE CORPORATIVO | |
| Nombre corporativo o de jurisdicción como elemento de entrada | Corporación Autónoma Regional de Cundinamarca , CAR |
| 9 (RLIN) | 82918 |
| 710 2# - ASIENTO SECUNDARIO - NOMBRE CORPORATIVO | |
| Nombre corporativo o de jurisdicción como elemento de entrada | Universidad de Ciencias Aplicadas Ambientales, U.D.C.A |
| 9 (RLIN) | 82919 |
| 942 ## - ELEMENTOS ADICIONALES (KOHA) | |
| Sistema de clasificación | Dewey Decimal Classification |
| Tipo de ítem | Libro |
| Withdrawn status | Lost status | Sistema de Clasificación | Damaged status | No para préstamo | Colección | Inventariado | Ubicación Permanente | Ubicación actual | Fecha de adquisición | Fuente de Valor | Valor | Total Checkouts | Número topográfico | Inventario / Código de Barras | Date last seen | Ejemplar | Price effective from | Forma de adquisición | Tipo de material |
|---|---|---|---|---|---|---|---|---|---|---|---|---|---|---|---|---|---|---|---|
| Dewey Decimal Classification | General | Inventariado 2017 | Bogotá | Bogotá | 08/08/2017 | Instituto | 39000.00 | LB-551.302 I19p | 042630 | 08/08/2017 | Ej. 1 | 08/08/2017 | Donación | Libro |